| 000 | 00646nam a22001697a 4500 | ||
|---|---|---|---|
| 005 | 20251108164055.0 | ||
| 008 | 250721s1997 xx 000 0 ara d | ||
| 082 | 1 | 4 | _a324.6/حلق |
| 111 | 2 | _aحلقة نقاش حول الإشاعة في الإنتخابات ( 1996 : عمان ) | |
| 245 | 1 | 0 |
_aالإشاعة في الإنتخابات : _bحلقة نقاش / |
| 264 | 1 |
_aعمان : _bمركز الريادة للمعلومات و الدراسات، _c1997. |
|
| 300 | _a39ص | ||
| 490 | 0 | _aسلسلة المجتمع المدني و النظام البرلماني ؛ 3 | |
| 650 | 1 | 7 | _aالإنتخابات |
| 942 |
_2ddc _cBK |
||
| 999 |
_c2922 _d2922 |
||